[Event "Leiden SB-chB"]
[Site "Leiden"]
[Date "2004.06.09"]
[Round "4"]
[White "Roeterink, Huub"]
[Black "Frijling, Jeroen"]
[Result "0-1"]
[WhiteElo "1784"]
[BlackElo "1813"]
[PlyCount "54"]
[EventDate "2004.05.19"]
[EventType "swiss"]
[EventRounds "7"]
[EventCountry "NED"]
[SourceTitle "EXT 2012"]
[Source "ChessBase"]
[SourceDate "2011.11.24"]
[SourceVersion "1"]
[SourceVersionDate "2011.11.24"]
[SourceQuality "1"]

1. e4 c5 2. Nf3 Nc6 3. c3 d5 4. exd5 Qxd5 5. d4 cxd4 6. cxd4 e5 7. Nc3 Bb4 8. Bd2 Bxc3 9. Bxc3 e4 10. Ne5 Nxe5 11. dxe5 Ne7 12. Qxd5 Nxd5 13. Bb5+ Bd7 14. Bxd7+ Kxd7 15. 0-0-0 Ke6 16. Bd4 Nf4 17. Rhe1 Nd3+ 18. Rxd3 exd3 19. Kd2 Rhd8 20. Bc3 Rd5 21. g4 g5 22. Re3 Rc8 23. Rh3 b5 24. Rh6+ Ke7 25. Rxh7 Rc4 26. a3 a5 27. b4 Rxc3 0-1

[Event "Leiden SB-chB"]
[Site "Leiden"]
[Date "2004.05.26"]
[Round "2"]
[White "Brouwer, Pieter"]
[Black "Roeterink, Huub"]
[Result "0-1"]
[WhiteElo "1569"]
[BlackElo "1784"]
[PlyCount "122"]
[EventDate "2004.05.19"]
[EventType "swiss"]
[EventRounds "7"]
[EventCountry "NED"]
[SourceTitle "EXT 2012"]
[Source "ChessBase"]
[SourceDate "2011.11.24"]
[SourceVersion "1"]
[SourceVersionDate "2011.11.24"]
[SourceQuality "1"]

1. d4 d5 2. Nf3 Nf6 3. c4 e6 4. Bg5 Be7 5. Nc3 c6 6. e3 0-0 7. Bd3 dxc4 8. Bxc4 Nd5 9. Bxe7 Qxe7 10. e4 Nf4 11. 0-0 Rd8 12. e5 b5 13. Bb3 a5 14. a4 b4 15. Ne4 Ba6 16. Re1 Nd3 17. Re3 c5 18. Rxd3 c4 19. Rd2 cxb3 20. Qxb3 Bb7 21. Nd6 Bd5 22. Qe3 h6 23. Rc1 Na6 24. b3 f6 25. Rdc2 fxe5 26. dxe5 Rf8 27. Nd4 Qh4 28. Nc6 Kh8 29. Nxa5 Qh5 30. Nac4 Qg4 31. Qg3 Qxg3 32. hxg3 Nc5 33. Rb1 Rab8 34. f3 Kh7 35. Ra2 Rfd8 36. a5 Nd3 37. a6 Nxe5 38. a7 Ra8 39. Nb6 Rxd6 40. Nxa8 Bxa8 41. Rc1 Rd3 42. Rc8 Bd5 43. a8Q Bxa8 44. Rcxa8 Rxb3 45. Re8 Rb1+ 46. Kf2 b3 47. Ra7 b2 48. Rb7 Rc1 49. Reb8 Rc2+ 50. Ke3 Rxg2 51. Rxb2 Nc4+ 52. Kd4 Nxb2 53. Re8 Rxg3 54. Rxe6 Rxf3 55. Rb6 Nd1 56. Ke4 Rf6 57. Rb1 Nc3+ 58. Ke3 Nxb1 59. Kd3 g5 60. Kc2 g4 61. Kxb1 Rf2 0-1

[Event "Leiden SB-chB"]
[Site "Leiden"]
[Date "2004.05.19"]
[Round "1"]
[White "Roeterink, Huub"]
[Black "Molsbergen, Chris"]
[Result "1-0"]
[WhiteElo "1784"]
[BlackElo "1508"]
[PlyCount "49"]
[EventDate "2004.05.19"]
[EventType "swiss"]
[EventRounds "7"]
[EventCountry "NED"]
[SourceTitle "EXT 2012"]
[Source "ChessBase"]
[SourceDate "2011.11.24"]
[SourceVersion "1"]
[SourceVersionDate "2011.11.24"]
[SourceQuality "1"]

1. e4 c5 2. Nc3 Nc6 3. g3 d6 4. Bg2 Nf6 5. d3 e6 6. Nge2 Be7 7. 0-0 0-0 8. f4 Bd7 9. h3 Rb8 10. a4 a6 11. Kh1 b5 12. axb5 axb5 13. d4 cxd4 14. Nxd4 Nxd4 15. Qxd4 b4 16. Na2 d5 17. e5 Ne8 18. Bd2 b3 19. cxb3 Rxb3 20. Rf3 Qb8 21. Rxb3 Qxb3 22. Qc3 Qa4 23. b3 Qc6 24. Qxc6 Bxc6 25. Nb4 1-0